000 00723cam a2200229 a 4500
001 13049198
005 20180312064020.0
008 030106s2004 maua 001 0 eng
010 _a 2003100105
020 _a061826597X
035 _a(DLC) 2003100105
040 _aDLC
_cDLC
_dDLC
041 _aeng
080 _a540 STO
082 0 0 _a540 STO
_222
100 1 _a12
101 _aKIM
245 1 0 _aGeneral, organic, and biological chemistry /
_cH. Stephen Stoker.
906 _a7
_bcbc
_corignew
_d3
_eepcn
_f20
_gy-gencatlg
942 _2ddc
_cBK
999 _c44724
_d44724